How to develop the right Management Information System. (Record no. 5876)

000 -LEADER
fixed length control field 00332nam a2200121Ia 4500
008 - FIXED-LENGTH DATA ELEMENTS--GENERAL INFORMATION
fixed length control field 201214s9999 xx 000 0 und d
100 ## - MAIN ENTRY--PERSONAL NAME
Personal name Alexander Hamilton Institute
245 #0 - TITLE STATEMENT
Title How to develop the right Management Information System.
260 ## - PUBLICATION, DISTRIBUTION, ETC.
Place of publication, distribution, etc. New York
Name of publisher, distributor, etc. Alexander Hamilton Institute
300 ## - PHYSICAL DESCRIPTION
Extent 110
942 ## - ADDED ENTRY ELEMENTS (KOHA)
Koha item type Books
Holdings
Withdrawn status Lost status Damaged status Not for loan Permanent Location Date acquired Date last seen Price effective from Koha item type Full call number Barcode
        IMU Kolkata 2020-12-14 2020-12-14 2020-12-14 Books    
          2020-12-14 2020-12-14 2020-12-14 Books 658.40388 A374  
          2020-12-14 2020-12-14 2020-12-14 Books   PM00829
Designed and Maintained by IMU-KC Library, Kolkata Campus © Copyright All Rights Reserved

webs counters

Powered by Koha